The accumulation of capital / (Record no. 14608)
[ view plain ]
| 000 -LEADER | |
|---|---|
| fixed length control field | 00582nam a2200241Ia 4500 |
| 003 - CONTROL NUMBER IDENTIFIER | |
| control field | OSt |
| 005 - DATE AND TIME OF LATEST TRANSACTION | |
| control field | 20230510105048.0 |
| 008 - FIXED-LENGTH DATA ELEMENTS--GENERAL INFORMATION | |
| fixed length control field | 210327s9999||||xx |||||||||||||| ||und|| |
| 040 ## - CATALOGING SOURCE | |
| Transcribing agency | STCPL |
| 041 ## - LANGUAGE CODE | |
| Language code of text/sound track or separate title | English |
| 082 ## - DEWEY DECIMAL CLASSIFICATION NUMBER | |
| Classification number | 332.041 |
| Item number | JOA-A |
| 100 ## - MAIN ENTRY--PERSONAL NAME | |
| Personal name | Robinson, Joan |
| 245 #4 - TITLE STATEMENT | |
| Title | The accumulation of capital / |
| Statement of responsibility, etc. | by Joan Robinson |
| 250 ## - EDITION STATEMENT | |
| Edition statement | 2nd ed. |
| 260 ## - PUBLICATION, DISTRIBUTION, ETC. | |
| Place of publication, distribution, etc. | London : |
| Name of publisher, distributor, etc. | Mac Millian , |
| Date of publication, distribution, etc. | 1966 . |
| 300 ## - PHYSICAL DESCRIPTION | |
| Extent | 440 p. |
| Other physical details | Paper Back |
| 650 ## - SUBJECT ADDED ENTRY--TOPICAL TERM | |
| Topical term or geographic name entry element | Money and Finance |
| 650 ## - SUBJECT ADDED ENTRY--TOPICAL TERM | |
| Topical term or geographic name entry element | International trade |
| 650 ## - SUBJECT ADDED ENTRY--TOPICAL TERM | |
| Topical term or geographic name entry element | Land and labour |
| 942 ## - ADDED ENTRY ELEMENTS (KOHA) | |
| Koha item type | Books |
| 942 ## - ADDED ENTRY ELEMENTS (KOHA) | |
| Source of classification or shelving scheme | Dewey Decimal Classification |
| 942 ## - ADDED ENTRY ELEMENTS (KOHA) | |
| Source of classification or shelving scheme | Dewey Decimal Classification |
| Withdrawn status | Lost status | Source of classification or shelving scheme | Damaged status | Collection code | Not for loan | Home library | Current library | Shelving location | Date acquired | Cost, normal purchase price | Total Checkouts | Full call number | Barcode | Date last seen | Date last checked out | Price effective from | Koha item type |
|---|---|---|---|---|---|---|---|---|---|---|---|---|---|---|---|---|---|
| Dewey Decimal Classification | Economics | ST. THOMAS COLLEGE LIBRARY, PALAI | ST. THOMAS COLLEGE LIBRARY, PALAI | Economics | 2021-07-10 | 18.90 | 1 | 339.43 JOH-A | 22503 | 2025-07-05 | 2024-04-24 | 2021-07-10 | Books | ||||
| Dewey Decimal Classification | Economics | ST. THOMAS COLLEGE LIBRARY, PALAI | ST. THOMAS COLLEGE LIBRARY, PALAI | Economics | 2021-07-10 | 16.20 | 332.041 JOA-A | 22921 | 2021-07-10 | 2021-07-10 | Books | ||||||
| Dewey Decimal Classification | Economics | ST. THOMAS COLLEGE LIBRARY, PALAI | ST. THOMAS COLLEGE LIBRARY, PALAI | Economics | 2021-07-10 | 16.20 | 332.041 JOA-A | 22922 | 2021-07-10 | 2021-07-10 | Books |
